The All England Law Reports (Record no. 619539)

MARC details
000 -LEADER
fixed length control field 00523nam a2200193 a 4500
008 - FIXED-LENGTH DATA ELEMENTS--GENERAL INFORMATION
fixed length control field 260416s2026##################000#0#eng##
020 ## - INTERNATIONAL STANDARD BOOK NUMBER
ISBN 9780406851215
Paper back/Hardbound hbk
041 ## - LANGUAGE CODE
Language code of text/sound track or separate title eng
082 04 - DEWEY DECIMAL CLASSIFICATION NUMBER
Classification number 348.42 ALL.2
100 ## - MAIN ENTRY--AUTHOR NAME
Personal name Harrison G,R.N
245 10 - TITLE STATEMENT
Title The All England Law Reports
Statement of responsibility, etc R.N.G Harrison
Sub Title 1978
260 ## - PUBLICATION, DISTRIBUTION, ETC. (IMPRINT)
Place of publication United kingdom
Name of publisher Butterworths
Year of publication 2003
300 ## - PHYSICAL DESCRIPTION
Number of Pages 1184p. :
Dimensions 22cm.
490 ## - SERIES STATEMENT
Volume number/sequential designation vol 2
650 ## - SUBJECT ADDED ENTRY--TOPICAL TERM
Topical Term Laws, regulations & cases
700 ## - ADDED ENTRY--PERSONAL NAME
Personal name Shockett,Wendy
942 ## - ADDED ENTRY ELEMENTS (KOHA)
Koha item type English Books
Holdings
Withdrawn status Lost status Damaged status Not for loan Home library Current library Shelving location Date acquired Full call number Accession Number Price effective from Koha item type
        Anna Centenary Library Anna Centenary Library 4TH FLOOR, A WING 16.04.2026 348.42 ALL.2 400748 16.04.2026 English Books

Find us on the map